[Event "Masdenverge op 6th"]
[Site "Masdenverge"]
[Date "2017.07.01"]
[Round "5"]
[White "Ferre Fornos, J Enric"]
[Black "Buch Prades, Joan"]
[Result "1-0"]
[WhiteElo "1893"]
[BlackElo "2077"]
[PlyCount "67"]
[EventDate "2017.06.30"]
[EventType "swiss"]
[EventRounds "7"]
[EventCountry "ESP"]
[SourceTitle "EXT 2019"]
[Source "ChessBase"]
[SourceDate "2018.10.10"]
[SourceVersion "1"]
[SourceVersionDate "2018.10.10"]
[SourceQuality "1"]

1. e4 c5 2. d4 cxd4 3. c3 dxc3 4. Nxc3 Nc6 5. Nf3 e6 6. Bc4 a6 7. 0-0 Nge7 8. Bg5 h6 9. Bh4 d6 10. Qe2 g5 11. Bg3 Ng6 12. Rfd1 Be7 13. e5 d5 14. Bxd5 exd5 15. Nxd5 Be6 16. Nf6+ Bxf6 17. Rxd8+ Bxd8 18. b3 0-0 19. Rd1 Bc7 20. Qe3 Rad8 21. Rxd8 Rxd8 22. h3 Rd5 23. Qc3 Ba5 24. Qe3 Nb4 25. Qa7 h5 26. h4 g4 27. Ng5 Bc8 28. Ne4 Kg7 29. Nf6 Nc6 30. Qe3 Bd2 31. Nxh5+ Kh8 32. Qe2 Ncxe5 33. Nf6 Rd8 34. Bxe5 1-0

[Event "Masdenverge op 5th"]
[Site "Masdenverge"]
[Date "2016.06.24"]
[Round "2"]
[White "Accensi Estrada, Miguel Angel"]
[Black "Ferre Fornos, J Enric"]
[Result "1-0"]
[WhiteElo "2185"]
[BlackElo "1888"]
[PlyCount "53"]
[EventDate "2016.06.24"]
[EventType "swiss"]
[EventRounds "7"]
[EventCountry "ESP"]
[SourceTitle "EXT 2017"]
[Source "ChessBase"]
[SourceDate "2016.10.25"]
[SourceVersion "1"]
[SourceVersionDate "2016.10.25"]
[SourceQuality "1"]

1. Nf3 d6 2. d4 g6 3. g3 Bg7 4. Bg2 Nf6 5. 0-0 0-0 6. Nbd2 Nbd7 7. b3 c5 8. Bb2 Rb8 9. c4 b6 10. Qc2 Qc7 11. d5 Ne8 12. e4 Ne5 13. Nh4 e6 14. dxe6 fxe6 15. Rae1 Nc6 16. Bxg7 Nxg7 17. Qd3 e5 18. f4 Nd4 19. Nhf3 Qe7 20. Nxd4 cxd4 21. f5 g5 22. Nf3 Nh5 23. Rb1 h6 24. Qe2 Nf6 25. Ne1 Ba6 26. Nd3 Rfe8 27. a4 1-0

[Event "Masdenverge op 4th"]
[Site "Masdenverge"]
[Date "2015.06.27"]
[Round "3"]
[White "Ferre Fornos, J Enric"]
[Black "Asensio Linan, Teodoro"]
[Result "0-1"]
[WhiteElo "1958"]
[BlackElo "2168"]
[PlyCount "76"]
[EventDate "2015.06.26"]
[EventType "swiss"]
[EventRounds "7"]
[EventCountry "ESP"]
[SourceTitle "EXT 2019"]
[Source "ChessBase"]
[SourceDate "2018.10.10"]
[SourceVersion "1"]
[SourceVersionDate "2018.10.10"]
[SourceQuality "1"]

1. e4 e6 2. Qe2 Nc6 3. Nf3 e5 4. g3 Nf6 5. Bg2 Bc5 6. 0-0 0-0 7. d3 Re8 8. c4 a5 9. Be3 b6 10. h3 a4 11. Nc3 a3 12. b3 Nd4 13. Bxd4 exd4 14. Na4 Bd6 15. Rac1 c5 16. Nh4 Bb7 17. f4 Bf8 18. e5 d5 19. Qd1 Nd7 20. Qg4 Ra7 21. Rce1 dxc4 22. bxc4 Bxg2 23. Kxg2 Rxa4 24. Nf5 Re6 25. Nh4 Rb4 26. Nf3 Rb2+ 27. Rf2 Qa8 28. Re4 b5 29. Ng5 Re7 30. Qh5 h6 31. Nxf7 Rxf7 32. e6 Re7 33. exd7 Rxe4 34. d8Q Qxd8 35. dxe4 bxc4 36. f5 d3 37. f6 Rxf2+ 38. Kxf2 Qxf6+ 0-1